El hombre light: una vida sin valores
Shranjeno v:
| Glavni avtor: | |
|---|---|
| Format: | Knjiga |
| Jezik: | španščina |
| Izdano: |
Madrid
Temas de Hoy
1992
|
| Izdaja: | 1a. ed |
| Serija: | Colección Fin de Siglo, 33
|
| Teme: | |
| Oznake: |
Označite
Brez oznak, prvi označite!
|
MARC
| LEADER | 00000cam a2200000 a 4500 | ||
|---|---|---|---|
| 001 | UCX9400 | ||
| 003 | CL-VaPUC | ||
| 008 | 940606e19920000SP |||||||||||||||||spa|d | ||
| 020 | |a 8478801944 | ||
| 082 | 0 | 4 | |a 170 |b ROJ |2 21 |
| 100 | 0 | |a Rojas Montes, Enrique |e author |9 326789 | |
| 245 | 1 | 3 | |a El hombre light: una vida sin valores |
| 250 | |a 1a. ed | ||
| 300 | |a 186 p | ||
| 942 | |c BK | ||
| 945 | |d 19940606 00:00:00 |a rbrito | ||
| 260 | |a Madrid |b Temas de Hoy |c 1992 | ||
| 650 | 0 | |a Valores morales |9 310604 | |
| 650 | 7 | |a ETICA DE LOS NEGOCIOS |2 CL-VaPUC |9 312953 | |
| 650 | 0 | |a Conducta |9 269782 | |
| 650 | 0 | |a Etica social |9 267623 | |
| 650 | 0 | |a Conciencia |9 309452 | |
| 583 | |a last modification |c 20170227 12:53:21 |k Rodrigo Vera | ||
| 490 | 0 | |a Colección Fin de Siglo, 33 | |
| 999 | |c 228652 |d 228650 | ||
| 952 | |0 0 |1 0 |4 0 |6 170_000000000000000_ROJ_1992 |7 0 |8 A |9 228950 |a BIBCUR |b BIBCUR |d 2019-11-15 |i 3061140 |o 170 ROJ 1992 |p 3061140 |r 2025-04-22 |w 2019-11-15 |y BK |k PER | ||
| 952 | |0 0 |1 0 |4 0 |6 170_000000000000000_ROJ_1992 |7 0 |8 R |9 228951 |a BIBEDU |b BIBEDU |c MCIRC |d 2019-11-15 |i 3186326 |o 170 ROJ 1992 |p 3186326 |r 2023-01-13 |w 2019-11-15 |y BK_R |k EDU | ||
| 952 | |0 0 |1 0 |4 0 |6 170_000000000000000_ROJ_1992 |7 0 |8 R |9 228952 |a BIBEDU |b BIBEDU |c MCIRC |d 2019-11-15 |i 4947770 |o 170 ROJ 1992 |p 4947770 |r 2023-01-13 |w 2019-11-15 |y BK_R |k LIT | ||
| 952 | |0 0 |1 0 |3 erb |4 0 |6 170_000000000000000_ROJ_1992 |7 0 |8 A |9 228953 |a BIBENE |b BIBENE |i 532890K |l 1 |m 1 |o 170 ROJ 1992 |p 532890K |r 2024-01-16 |s 2022-03-29 |w 2019-11-15 |y BK |z Catalogado en:20170303 |k ICO | ||